| 000 | 00677nam a2200241 i 4500 | ||
|---|---|---|---|
| 001 | 13416 | ||
| 003 | ES-MaACL | ||
| 005 | 20240614063019.0 | ||
| 007 | t| | ||
| 008 | 980305s1987 sp ||||1| spa d | ||
| 020 | _a8486419107 | ||
| 080 | _a860-6"19" | ||
| 100 | 0 |
_aBeneyto, Antonio, _d1934- _927556 |
|
| 245 | 1 | 0 |
_aCartas apócrifas / _cAntonio Beneyto. |
| 250 | _a1ª ed. | ||
| 260 |
_aBarcelona : _bJuan Pastor, _c1987. |
||
| 300 |
_a57 p. ; _c20 cm. |
||
| 490 | 1 |
_aDevenir. Serie Poesía ; _v10 |
|
| 830 | 0 | 0 |
_aDevenir. _pSerie Poesía ; _v10 _9236243 |
| 852 |
_aES-MaACL _jP-1931 N 10 _bR.114447 _913748 |
||
| 942 | _2udc | ||
| 999 |
_c13416 _d13416 |
||